| 000 | 00774nam a22002417a 4500 | ||
|---|---|---|---|
| 999 |
_c10175 _d10175 |
||
| 003 | AR-CdUCM | ||
| 008 | 190329b ||||| |||| 00| 0 spa d | ||
| 020 | _a978-607-16-0036-3 | ||
| 040 |
_aMUNICIPALIDAD PROVINCIAL DEL CUSCO _cBIBLIOTECA MUNICIPAL DEL CUSCO |
||
| 041 | _heng | ||
| 082 |
_aPI-0129 / _bALE / amo |
||
| 100 |
_aAlemagna, Beatrice _926873 |
||
| 245 | _aMi amor / | ||
| 260 |
_aMéxico : _bFondo de Cultura Económica, _c2009. |
||
| 300 |
_bilustraciones a color, _c22 cm. |
||
| 440 |
_aLos Primerísimos _926874 |
||
| 500 | _aNo cuenta con numeración impresa. Título original: Mon Amour | ||
| 650 |
_aCuento infantil _93319 |
||
| 650 |
_aSiglo XXI _92856 |
||
| 700 |
_aPasarán, Eliana (Traducción) _926875 |
||
| 942 |
_2ddc _cLIBROS |
||
| 945 | _araen | ||